000 00761nam a2200289Ia 4500
001 2577
003 IT-RoPAU
008 130308s9999 xx 000 0 und d
040 _aIT-RoPAU
040 _cIT-RoPAU
041 _aITALIANO
100 _aUccello Paolo
100 _gCodice Aut. SPICS: 284
245 _aDalla cronofotografia alla fotografia elettronica
245 _bCinemascope vistavision Cinerama
250 _a1a ed.
260 _aROMA
260 _bAteneo
260 _c1955 [1° Ed.:1955 - Ed.Ling.Originale:1955]
300 _a"25 p. (prefazione: no ; testo: 25 [pagine: 25-50])"
650 _aTECNICA CINEMATOGRAFICA
650 _eCodice materia Spics: 6802
942 _cBK
957 _71
999 _c51465
_d51465
999 _bSI
999 _g1